| Tag |
First Indicator |
Second Indicator |
Subfields |
| LEADER |
00000cam a22000001a 4500 |
| 001 |
in00003209939 |
| 005 |
20190404174256.0 |
| 006 |
m d f |
| 007 |
cr bn mmmapmmp |
| 008 |
090922s1974 dcu ob f000 0 eng d |
| 035 |
|
|
|a cis2007438507
|
| 040 |
|
|
|a UMI
|c UMI
|d UtOrBLW
|
| 043 |
|
|
|a n-us---
|
| 086 |
0 |
|
|a Y 4.Ed 8/1:J 98/7
|
| 099 |
|
|
|a HRG-1974-EDL-0040
|
| 110 |
1 |
|
|a United States.
|b Congress.
|b House.
|b Committee on Education and Labor.
|b Subcommittee on Equal Opportunities.
|
| 245 |
1 |
0 |
|a Juvenile justice and delinquency prevention and runaway youth :
|b hearings before the Subcommittee on Equal Opportunities of the Committee on Education and Labor, House of Representatives, Ninety-third Congress, second session, on H.R. 6265 and H.R. 9298 ...
|
| 264 |
|
1 |
|a Washington :
|b U.S. Govt. Print. Off,
|c 1974.
|
| 300 |
|
|
|a 1 online resource.
|
| 336 |
|
|
|a text
|b txt
|2 rdacontent
|
| 337 |
|
|
|a computer
|b c
|2 rdamedia
|
| 338 |
|
|
|a online resource
|b cr
|2 rdacarrier
|
| 500 |
|
|
|a Record is based on bibliographic data in ProQuest Congressional Hearings Digital Collection. Reuse except for individual research requires license from ProQuest, LLC.
|
| 504 |
|
|
|a Includes bibliographical references.
|
| 538 |
|
|
|a System requirements: PDF reader software.
|
| 500 |
|
|
|a Electronic resource.
|
| 650 |
|
0 |
|a Juvenile justice, Administration of
|z United States.
|
| 650 |
|
0 |
|a Juvenile delinquency
|z United States.
|
| 655 |
|
7 |
|a Electronic books.
|2 local
|
| 710 |
2 |
|
|a ProQuest (Firm)
|
| 776 |
0 |
8 |
|i Print version:
|a United States. Congress. House. Committee on Education and Labor. Subcommittee on Equal Opportunities.
|t Juvenile justice and delinquency prevention and runaway youth
|w (DLC)74602823
|
| 776 |
0 |
8 |
|i Microfiche version:
|a United States. Congress. House. Committee on Education and Labor. Subcommittee on Equal Opportunities.
|t Juvenile justice and delinquency prevention and runaway youth.
|d [Bethesda, Md.] : ProQuest,[2004]
|o CIS 74 H341-32
|w (ProQuest)cis07400213
|
| 830 |
|
0 |
|a U.S. Congressional Hearings.
|
| 856 |
4 |
0 |
|u http://proxy.library.tamu.edu/login?url=http://congressional.proquest.com/congcomp/getdoc?HEARING-ID=HRG-1974-EDL-0040
|z Connect to the full text of this electronic book
|t 0
|
| 998 |
|
|
|a cis07400213
|
| 999 |
|
|
|a MARS
|
| 999 |
f |
f |
|s f7131854-19ad-3036-85cb-166d642dd1db
|i b99d70d7-2107-3333-8bfc-318a3b980544
|t 0
|
| 952 |
f |
f |
|a Texas A&M University
|b College Station
|c Electronic Resources
|d Available Online
|t 0
|e HRG-1974-EDL-0040
|h Other scheme
|
| 998 |
f |
f |
|a HRG-1974-EDL-0040
|t 0
|l Available Online
|